[Event "Euro Online U2300 Day 1"]
[Site "chess.com INT"]
[Date "2020.05.25"]
[Round "6"]
[White "Levitan, Tal"]
[Black "Nemkova, Ljubov"]
[Result "1-0"]
[BlackTitle "WFM"]
[WhiteElo "2126"]
[BlackElo "2172"]
[WhiteFideId "2804603"]
[BlackFideId "4180070"]
[EventDate "2020.05.25"]

1. e4 g6 2. d4 Bg7 3. Nf3 c5 4. c3 cxd4 5. cxd4 Nc6 6. Be3 Nf6 7. Nc3 Ng4 8. Bc1
Qb6 9. h3 Nf6 10. e5 Ng8 11. Bc4 Nh6 12. O-O Nf5 13. Nd5 Qd8 14. g4 Nh6 15. Bf4
O-O 16. Qd2 Nxg4 17. hxg4 d6 18. exd6 Bxg4 19. Ne5 Nxe5 20. dxe5 exd6 21. exd6
Qh4 22. Qe3 Rac8 23. Ne7+ Kh8 24. Nxc8 Bxc8 25. Rad1 Bh3 26. d7 Bxf1 27. Kxf1
Qg4 28. d8=Q 1-0

[Event "Euro Online U2300 Day 1"]
[Site "chess.com INT"]
[Date "2020.05.25"]
[Round "6"]
[White "Tsomaia, Nikoloz"]
[Black "Silich, Yahor"]
[Result "1-0"]
[BlackTitle "FM"]
[WhiteElo "2240"]
[BlackElo "2330"]
[WhiteFideId "13611518"]
[BlackFideId "13513656"]
[EventDate "2020.05.25"]

1. e4 c5 2. Nc3 Nc6 3. Bb5 Nd4 4. Nf3 e6 5. O-O a6 6. Bd3 Nxf3+ 7. Qxf3 Qc7 8.
b3 Ne7 9. Bb2 Nc6 10. Rfe1 Bd6 11. Nd5 exd5 12. exd5+ Kf8 13. dxc6 dxc6 14. Re2
h5 15. h3 Bg4 16. hxg4 hxg4 17. Qxg4 Bh2+ 18. Kf1 Be5 19. Rxe5 1-0

[Event "Euro Online U2300 Day 1"]
[Site "chess.com INT"]
[Date "2020.05.25"]
[Round "6"]
[White "Bin-Nun, Peleg"]
[Black "Fojt, Petr"]
[Result "1-0"]
[WhiteElo "2004"]
[BlackElo "2084"]
[WhiteFideId "2802660"]
[BlackFideId "386570"]
[EventDate "2020.05.25"]

1. e4 e6 2. d4 d5 3. Nc3 Bb4 4. e5 Qd7 5. Qg4 f5 6. exf6 Nxf6 7. Qh4 O-O 8. Bd3
b6 9. Bg5 Bb7 10. Ne2 Ne4 11. Bxe4 dxe4 12. O-O Bxc3 13. Nxc3 Qxd4 14. Rad1 Qe5
15. Be7 Re8 16. Rfe1 Na6 17. Nxe4 Bxe4 18. Rxe4 Qxb2 19. Rxe6 Qxc2 20. Rde1 Nc5
21. R6e2 Qd3 22. h3 Qd7 23. Bxc5 bxc5 24. Qc4+ Kh8 25. Rxe8+ Rxe8 26. Rxe8+ Qxe8
27. Qxc5 Qd8 28. Qxa7 Qd1+ 29. Kh2 Qd6+ 30. g3 h6 31. a4 c5 32. a5 Qd4 33. Qf7
Qd6 34. Qe8+ Kh7 35. Qe4+ Kh8 36. Qa8+ Kh7 37. a6 Qf6 38. Kg2 Qe5 39. a7 c4 40.
Qc6 Qd5+ 41. Qxd5 1-0

[Event "Euro Online U2300 Day 1"]
[Site "chess.com INT"]
[Date "2020.05.25"]
[Round "6"]
[White "Guliev, Logman"]
[Black "Raeber, Markus"]
[Result "1-0"]
[WhiteTitle "IM"]
[WhiteElo "2273"]
[BlackElo "2237"]
[WhiteFideId "13400061"]
[BlackFideId "1302108"]
[EventDate "2020.05.25"]

1. e4 d6 2. d4 Nf6 3. Nc3 g6 4. f4 Bg7 5. Nf3 c5 6. dxc5 Qa5 7. Bd3 Qxc5 8. Qe2
Bg4 9. Be3 Qa5 10. O-O O-O 11. h3 Bxf3 12. Qxf3 Nc6 13. a3 Rac8 14. Bd2 Nd4 15.
Qf2 Nd7 16. Nd5 Qd8 17. Bc3 e6 18. Bxd4 exd5 19. Bxg7 Kxg7 20. Qd4+ Qf6 21. Qxd5
Nc5 22. e5 dxe5 23. fxe5 Qe6 24. Bc4 Qxd5 25. Bxd5 Rcd8 26. c4 b6 27. Rf3 a5 28.
Raf1 Rde8 29. Rxf7+ Rxf7 30. Rxf7+ Kh6 31. b4 axb4 32. axb4 Nd3 33. e6 Nxb4 34.
e7 Kg5 35. g3 h5 36. Kg2 Kh6 37. h4 g5 38. Be4 gxh4 39. gxh4 Rg8+ 40. Kh3 Rh8
41. e8=Q Rxe8 42. Rh7# 1-0

[Event "Euro Online U2300 Day 1"]
[Site "chess.com INT"]
[Date "2020.05.25"]
[Round "6"]
[White "De Blecourt, Sandra"]
[Black "Stamatovic, Aleksandar"]
[Result "1-0"]
[WhiteTitle "WFM"]
[WhiteElo "2038"]
[BlackElo "2165"]
[WhiteFideId "1004948"]
[BlackFideId "928526"]
[EventDate "2020.05.25"]

1. d4 Nf6 2. c4 e5 3. dxe5 Ng4 4. Nf3 Nc6 5. Bf4 Bb4+ 6. Nbd2 Qe7 7. e3 Ngxe5 8.
Nxe5 Nxe5 9. Be2 O-O 10. O-O Bxd2 11. Qxd2 d6 12. b4 b6 13. c5 Bb7 14. cxd6 cxd6
15. Rfd1 Rfd8 16. Rac1 h6 17. a3 a5 18. Qd4 axb4 19. axb4 Qf6 20. Qxb6 Rab8 21.
Qc7 Qg6 22. Bf1 Rdc8 23. Qxd6 Qxd6 24. Rxc8+ Qf8 25. Rxf8+ Rxf8 26. Bxe5 Re8 27.
Bd4 Rd8 28. Rc1 Ra8 29. Bc4 Rd8 30. Be2 Ra8 31. Bf3 Bxf3 32. gxf3 1-0

[Event "Euro Online U2300 Day 1"]
[Site "chess.com INT"]
[Date "2020.05.25"]
[Round "6"]
[White "Gitu, Paula-Alexandra"]
[Black "Ruzicka, Ales"]
[Result "1-0"]
[WhiteTitle "WFM"]
[WhiteElo "2113"]
[BlackElo "2108"]
[WhiteFideId "13904620"]
[BlackFideId "325252"]
[EventDate "2020.05.25"]

1. e4 c5 2. Nf3 d6 3. d4 cxd4 4. Qxd4 Nc6 5. Bb5 Bd7 6. Bxc6 Bxc6 7. Nc3 Nf6 8.
Bg5 e5 9. Qd3 Be7 10. Rd1 Qc7 11. Bxf6 gxf6 12. Nh4 O-O-O 13. Nf5 Bf8 14. O-O
Kb8 15. b4 Rg8 16. b5 Bd7 17. Nd5 Qc5 18. a4 Bxf5 19. exf5 Rc8 20. Nxf6 Rxg2+
21. Kxg2 Qc7 22. Nd5 Qd8 23. f6 Qd7 24. Qh3 Qc7 25. Qf5 Qc4 26. Ne7 Bxe7 27.
fxe7 Rg8+ 28. Kh1 f6 29. Rg1 Re8 30. Qxf6 Qe4+ 31. f3 Qxc2 32. Qxd6+ Ka8 33.
Qd8+ Qc8 34. Qxc8+ Rxc8 35. Rd8 1-0

[Event "Euro Online U2300 Day 1"]
[Site "chess.com INT"]
[Date "2020.05.25"]
[Round "6"]
[White "Tymoshenko, Ihor"]
[Black "Kacprzak, Kacper"]
[Result "1/2-1/2"]
[WhiteTitle "FM"]
[WhiteElo "2306"]
[BlackElo "1977"]
[WhiteFideId "14105519"]
[BlackFideId "21819319"]
[EventDate "2020.05.25"]

1. d4 Nf6 2. c4 d6 3. Nc3 Nbd7 4. e4 g6 5. f4 e5 6. Nf3 exd4 7. Qxd4 Bg7 8. e5
Ng4 9. h3 dxe5 10. Qd3 Nh6 11. fxe5 O-O 12. Bf4 c6 13. O-O-O Qe7 14. Qd2 Nf5 15.
g4 Nh4 16. Nxh4 Qxh4 17. Bg5 Qg3 18. Bf4 Qh4 19. Bg5 Qg3 20. Bf4 Qh4 1/2-1/2

[Event "Euro Online U2300 Day 1"]
[Site "chess.com INT"]
[Date "2020.05.25"]
[Round "6"]
[White "Antova, Gabriela"]
[Black "Ozenir, Ekin Baris"]
[Result "0-1"]
[WhiteTitle "FM"]
[BlackTitle "IM"]
[WhiteElo "2255"]
[BlackElo "2309"]
[WhiteFideId "2915235"]
[BlackFideId "6357415"]
[EventDate "2020.05.25"]

1. e4 Nc6 2. Nf3 d6 3. d4 Nf6 4. Bd3 e5 5. c3 g6 6. O-O Bg7 7. d5 Ne7 8. c4 O-O
9. Nc3 h6 10. c5 dxc5 11. Nxe5 Nfxd5 12. exd5 Bxe5 13. Bxh6 Re8 14. Bb5 Bd7 15.
Bc4 Nf5 16. Bd2 Qh4 0-1

[Event "Euro Online U2300 Day 1"]
[Site "chess.com INT"]
[Date "2020.05.25"]
[Round "6"]
[White "Yordanov, Lachezar"]
[Black "Materia, Marco"]
[Result "1-0"]
[WhiteTitle "FM"]
[BlackTitle "FM"]
[WhiteElo "2307"]
[BlackElo "2269"]
[WhiteFideId "2918927"]
[BlackFideId "45150451"]
[EventDate "2020.05.25"]

1. d4 Nf6 2. c4 e6 3. Nc3 d5 4. cxd5 exd5 5. Bg5 Be7 6. e3 O-O 7. Bd3 c6 8. Qc2
Nbd7 9. Nge2 Re8 10. O-O Nf8 11. f3 g6 12. Kh1 Ne6 13. Bh4 b5 14. Bf2 Bb7 15.
Bg1 Rc8 16. e4 dxe4 17. fxe4 b4 18. Na4 c5 19. d5 Ng7 20. b3 Nd7 21. Nb2 Bf6 22.
Rad1 Ne5 23. Nc4 Nxc4 24. Bxc4 Qd6 25. Nc1 Re5 26. Nd3 Rh5 27. Qf2 Ne8 28. e5
Rxe5 29. Nxe5 Qxe5 30. Rde1 Qd6 31. Rxe8+ Rxe8 32. Qxf6 Qxf6 33. Rxf6 Kg7 34.
Rf1 Rd8 35. Bxc5 Bxd5 36. Bxd5 Rxd5 37. Bxb4 f5 38. h3 g5 39. Rc1 Rd7 40. Kh2
Kg6 41. Rc6+ Kf7 42. Ba5 Rd5 43. Rc7+ Kg6 44. Rxa7 f4 45. a4 Rc5 46. Kg1 h5 47.
Kf2 Rc2+ 48. Kf3 Rb2 49. Rb7 Kf5 50. Rb5+ Kg6 51. g3 fxg3 52. Kxg3 h4+ 53. Kf3
Rh2 54. Bc7 Rh1 55. a5 Kh5 56. Bd8 Rxh3+ 57. Kf2 Rc3 58. Rxg5+ Kh6 59. Rb5 h3
60. a6 h2 61. Kg2 Rh3 62. Kh1 Rd3 63. a7 Rxd8 64. Rb8 1-0

[Event "Euro Online U2300 Day 1"]
[Site "chess.com INT"]
[Date "2020.05.25"]
[Round "6"]
[White "Brilej, Jaka"]
[Black "Shishkov, Minko"]
[Result "1/2-1/2"]
[WhiteTitle "CM"]
[WhiteElo "2228"]
[BlackElo "2268"]
[WhiteFideId "14618818"]
[BlackFideId "2904624"]
[EventDate "2020.05.25"]

1. e4 d5 2. exd5 Qxd5 3. Nc3 Qd6 4. d4 Nf6 5. Nf3 a6 6. Be2 Nc6 7. O-O Bf5 8.
Be3 Rd8 9. a3 e6 10. h3 h6 11. Qd2 Be7 12. Rad1 O-O 13. Qc1 Nd5 14. Nxd5 exd5
15. Bf4 Qg6 16. Bd3 Be4 17. Bxc7 Rc8 18. Bg3 Bf6 19. Bxe4 dxe4 20. Ne5 Nxe5 21.
dxe5 Bg5 22. Bf4 1/2-1/2

[Event "Euro Online U2300 Day 1"]
[Site "chess.com INT"]
[Date "2020.05.25"]
[Round "6"]
[White "Malczyk, Radoslaw"]
[Black "Molina, Fabrizio"]
[Result "0-1"]
[BlackTitle "FM"]
[WhiteElo "2099"]
[BlackElo "2181"]
[WhiteFideId "1128574"]
[BlackFideId "805637"]
[EventDate "2020.05.25"]

1. Nf3 Nf6 2. c4 e6 3. g3 d5 4. b3 Bd6 5. Bg2 O-O 6. O-O c6 7. Bb2 Nbd7 8. d4
Qe7 9. Qc2 e5 10. cxd5 Nxd5 11. a3 e4 12. Ne1 N7f6 13. e3 Bg4 14. h3 Bh5 15. Nc3
Rfe8 16. Qd2 Rad8 17. Nxd5 cxd5 18. Nc2 Rc8 19. Rfc1 h6 20. b4 Nh7 21. Bf1 Ng5
22. Be2 Bf3 23. h4 Nh3+ 24. Kf1 Qf6 25. Ne1 Bg2+ 26. Kxg2 Qxf2+ 27. Kxh3 Qxg3# 0-1

[Event "Euro Online U2300 Day 1"]
[Site "chess.com INT"]
[Date "2020.05.25"]
[Round "6"]
[White "Gevorgyan, Maria"]
[Black "Sustov, Savva"]
[Result "1-0"]
[WhiteTitle "WGM"]
[WhiteElo "2228"]
[BlackElo "1710"]
[WhiteFideId "13300270"]
[BlackFideId "13908715"]
[EventDate "2020.05.25"]

1. e4 c5 2. Nc3 Nc6 3. Bb5 g6 4. Bxc6 dxc6 5. d3 Bg7 6. Nge2 e5 7. Be3 Qe7 8.
Qd2 b6 9. O-O Nf6 10. h3 Nd7 11. f4 f6 12. Rae1 Nf8 13. fxe5 fxe5 14. Bg5 Qc7
15. Rf3 Ne6 16. Bh6 Nd4 17. Nxd4 cxd4 18. Ne2 Be6 19. Ref1 O-O-O 20. Bxg7 Qxg7
21. Rf6 Rhf8 22. Qg5 Rxf6 23. Rxf6 Bd7 24. Qxe5 c5 25. Rc6+ Bxc6 26. Qxg7 1-0

[Event "Euro Online U2300 Day 1"]
[Site "chess.com INT"]
[Date "2020.05.25"]
[Round "6"]
[White "Upero, Jussi"]
[Black "Vukovic, Nikola"]
[Result "1-0"]
[WhiteElo "2176"]
[BlackElo "2150"]
[WhiteFideId "504491"]
[BlackFideId "14508907"]
[EventDate "2020.05.25"]

1. e4 c5 2. Nf3 d6 3. d4 cxd4 4. Nxd4 Nf6 5. Nc3 Nc6 6. f3 e5 7. Nb3 Be6 8. Be3
d5 9. exd5 Nxd5 10. Nxd5 Bxd5 11. c4 Be6 12. Nc5 Qa5+ 13. Qd2 Qxd2+ 14. Kxd2
O-O-O+ 15. Kc3 Bf5 16. Ne4 Bb4+ 17. Kb3 Bxe4 18. fxe4 Bd2 19. Bf2 Nd4+ 20. Ka4
Rd6 21. c5 Rf6 22. Bh4 Rf3 23. gxf3 1-0

[Event "Euro Online U2300 Day 1"]
[Site "chess.com INT"]
[Date "2020.05.25"]
[Round "6"]
[White "Stoinev, Metodi"]
[Black "Radosevic, Nenad"]
[Result "0-1"]
[WhiteElo "2202"]
[BlackElo "2157"]
[WhiteFideId "2901404"]
[BlackFideId "906395"]
[EventDate "2020.05.25"]

1. e4 e6 2. d4 d5 3. Nd2 Nf6 4. e5 Nfd7 5. Bd3 c5 6. c3 Nc6 7. Ne2 cxd4 8. cxd4
f6 9. exf6 Nxf6 10. O-O Bd6 11. Nf3 Qc7 12. Nc3 a6 13. Bd2 O-O 14. Rc1 Bd7 15.
Re1 Rae8 16. Ne5 Bc8 17. Bf4 Ne4 18. Nxe4 Rxf4 19. Nxd6 Qxd6 20. Nxc6 bxc6 21.
g3 Rf6 22. Re5 Qb4 23. Rc2 Ref8 24. a3 Qb6 25. Kg2 a5 26. Rce2 g6 27. Bb1 Ba6
28. Rd2 c5 29. dxc5 Qxc5 30. Qg4 Rxf2+ 31. Rxf2 Qxf2+ 32. Kh3 Bf1+ 33. Kh4 Qxh2+
34. Kg5 Kg7 0-1

[Event "Euro Online U2300 Day 1"]
[Site "chess.com INT"]
[Date "2020.05.25"]
[Round "6"]
[White "Stoyanov, Viktor"]
[Black "Unneland, Mathias"]
[Result "0-1"]
[WhiteElo "2240"]
[BlackElo "2146"]
[WhiteFideId "450308"]
[BlackFideId "1525581"]
[EventDate "2020.05.25"]

1. d4 Nf6 2. Nf3 e6 3. g3 c5 4. c3 Nc6 5. Bg2 Be7 6. O-O O-O 7. Re1 d5 8. dxc5
Bxc5 9. Nbd2 b6 10. Qc2 Bb7 11. e4 dxe4 12. Nxe4 Nxe4 13. Qxe4 a5 14. Bg5 Be7
15. Rad1 Qe8 16. Bxe7 Qxe7 17. Ne5 Nxe5 18. Qxb7 Qxb7 19. Bxb7 Rab8 20. Bg2 Ng6
21. Rd7 Rfd8 22. Red1 Rxd7 23. Rxd7 Ne5 24. Rc7 Nd3 25. Bf1 Nxb2 26. Bb5 g6 27.
Kf1 Rd8 28. Ke2 Rd5 29. a4 Rd6 30. Be8 f5 31. Bb5 e5 32. Rc6 Rxc6 33. Bxc6 e4
34. Bb5 Kf7 35. Kd2 Ke6 36. Kc2 Nd3 37. Bxd3 exd3+ 38. Kxd3 Kd5 39. c4+ Kc5 40.
Kc3 g5 41. h3 h5 42. f3 g4 43. hxg4 fxg4 44. f4 h4 45. f5 hxg3 46. f6 Kd6 47.
c5+ bxc5 48. Kc4 g2 49. f7 Ke7 50. f8=Q+ Kxf8 51. Kxc5 g1=Q+ 52. Kb5 Qe1 53. Ka6
Qb4 54. Ka7 g3 55. Ka6 0-1

[Event "Euro Online U2300 Day 1"]
[Site "chess.com INT"]
[Date "2020.05.25"]
[Round "6"]
[White "Kanyamarala, Trisha"]
[Black "Green, Andrew D"]
[Result "0-1"]
[WhiteTitle "WIM"]
[BlackTitle "CM"]
[WhiteElo "2193"]
[BlackElo "2154"]
[WhiteFideId "45004722"]
[BlackFideId "2401762"]
[EventDate "2020.05.25"]

1. d4 Nf6 2. c4 g6 3. Nc3 Bg7 4. e4 d6 5. Nf3 O-O 6. h3 e5 7. Be2 exd4 8. Nxd4
Re8 9. Bf3 Nxe4 10. Nxe4 f5 11. O-O fxe4 12. Bg4 Bxg4 13. hxg4 Nc6 14. Be3 Qf6
15. Nb5 Qf7 16. Qd5 Re7 17. Bg5 Re5 18. Qxf7+ Kxf7 19. f4 exf3 20. Rxf3+ Kg8 21.
Nxc7 Rc8 22. Bf4 Rxc7 23. Bxe5 Nxe5 24. Rf4 Rxc4 25. Rxc4 Nxc4 26. Rc1 d5 27. b3
Nd6 28. Rc7 h6 29. Rd7 Be5 30. Kf2 Kf8 31. Ke3 Ke8 32. Rh7 Nf7 33. Kd3 Kf8 34.
g5 h5 35. g4 Kg8 0-1

[Event "Euro Online U2300 Day 1"]
[Site "chess.com INT"]
[Date "2020.05.25"]
[Round "6"]
[White "Gardet, Thomas"]
[Black "Adrian, Claude"]
[Result "1-0"]
[BlackTitle "IM"]
[WhiteElo "2023"]
[BlackElo "2250"]
[WhiteFideId "26088045"]
[BlackFideId "601071"]
[EventDate "2020.05.25"]

1. e4 e6 2. d4 d5 3. Nc3 Bb4 4. exd5 exd5 5. Bd3 Nf6 6. Qf3 Bg4 7. Qg3 O-O 8.
Bg5 Re8+ 9. Kf1 Bxc3 10. bxc3 Nbd7 11. Nf3 h6 12. Bxh6 gxh6 13. h3 Qe7 14. hxg4
Qf8 15. Nh4 Ne4 16. Qf4 Re6 17. Nf5 Rg6 18. Nxh6+ Kg7 19. Nf5+ Kg8 20. Qh2 1-0

[Event "Euro Online U2300 Day 1"]
[Site "chess.com INT"]
[Date "2020.05.25"]
[Round "6"]
[White "Le Goff, Ronan"]
[Black "Talibov, Shiroghlan"]
[Result "1-0"]
[WhiteTitle "FM"]
[WhiteElo "2267"]
[BlackElo "2128"]
[WhiteFideId "612073"]
[BlackFideId "13429078"]
[EventDate "2020.05.25"]

1. d4 g6 2. Nf3 Bg7 3. e4 c6 4. h3 d5 5. e5 c5 6. c3 Nc6 7. Be2 cxd4 8. cxd4 Nh6
9. Bxh6 Bxh6 10. Nc3 O-O 11. O-O a6 12. Na4 Bf5 13. a3 Na5 14. b4 Nc4 15. Nc5 b6
16. Nd3 Rc8 17. Ra2 Qd7 18. a4 Rc7 19. g4 Bxd3 20. Bxd3 Bf4 21. Qe2 Rfc8 22. e6
Qxe6 23. Qxe6 fxe6 24. Re1 Kf7 25. Rae2 Rc6 26. b5 axb5 27. axb5 Rd6 28. Ne5+
Nxe5 29. dxe5 Rd7 30. Ra2 Rc3 31. Bf1 d4 32. Re4 g5 33. h4 h6 34. hxg5 hxg5 35.
Re1 d3 36. Rd1 d2 37. Be2 Rc1 38. Kg2 Rd5 39. Rb2 Rxe5 40. Rdxd2 Bxd2 41. Rxd2
Rd5 42. Ra2 Rc4 43. Bxc4 Rd4 44. Be2 Kf6 45. Ra6 Rd6 46. Bf3 Ke5 47. Bc6 Kf4 48.
Rxb6 e5 49. Rb7 e6 50. Rc7 e4 51. b6 Rd2 52. Rf7+ Ke5 53. b7 Rb2 54. Rf8 e3 55.
b8=Q+ Rxb8 56. Rxb8 e2 57. Rb1 1-0

[Event "Euro Online U2300 Day 1"]
[Site "chess.com INT"]
[Date "2020.05.25"]
[Round "6"]
[White "Tsybulkin, Ivan"]
[Black "Tsaruk, Maksim"]
[Result "0-1"]
[BlackTitle "FM"]
[WhiteElo "1814"]
[BlackElo "2302"]
[WhiteFideId "34165140"]
[BlackFideId "13511173"]
[EventDate "2020.05.25"]

1. d4 Nf6 2. Bf4 d6 3. e3 g6 4. Nf3 Bg7 5. Be2 b6 6. h3 Bb7 7. O-O O-O 8. c3
Nbd7 9. a4 a6 10. Nbd2 c5 11. Qc2 Ra7 12. Rfe1 Qa8 13. Bg3 Rc8 14. Rac1 Ne4 15.
Bh2 Ndf6 16. Rcd1 Bc6 17. b3 Nxd2 18. Qxd2 Ne4 19. Qb2 cxd4 20. cxd4 b5 21. axb5
Bxb5 22. Bxb5 axb5 23. Ra1 Rxa1 24. Rxa1 Qc6 25. Bf4 h6 26. h4 Kh7 27. Ra7 Bf6
28. Kh2 Qc2 29. Qxc2 Rxc2 30. Bg3 Nxf2 31. Bxf2 Rxf2 32. Rb7 Re2 33. Rxb5 Rxe3
34. Rb7 g5 35. hxg5 hxg5 36. b4 g4 37. Nd2 Bxd4 38. Nf1 Be5+ 39. Kg1 Rb3 40. b5
g3 41. Rxe7 Bd4+ 42. Kh1 Rb1 43. Rxf7+ Kg6 44. Rf3 Bf2 0-1

[Event "Euro Online U2300 Day 1"]
[Site "chess.com INT"]
[Date "2020.05.25"]
[Round "6"]
[White "Golubenko, Valeriy"]
[Black "Svitojus, Zygimantas"]
[Result "1-0"]
[WhiteElo "2211"]
[BlackElo "2033"]
[WhiteFideId "2216477"]
[BlackFideId "12805777"]
[EventDate "2020.05.25"]

1. d4 f5 2. Bg5 d6 3. Nc3 Nf6 4. Bxf6 exf6 5. e3 d5 6. Qf3 c6 7. Bd3 g6 8. h4 h5
9. Nge2 Bd6 10. Nf4 Kf7 11. O-O-O a5 12. Rh3 Na6 13. Rg3 Rh6 14. a3 b5 15. Ncxd5
cxd5 16. Qxd5+ Kg7 17. Qxa8 Bxf4 18. exf4 Rh8 19. Bxb5 Qb6 20. Qc6 Qa7 21. Bxa6
Bxa6 22. Qc5 Qb8 23. Qxf5 Qe8 24. Qxa5 Qe6 25. Re1 Qd6 26. Qf5 1-0

[Event "Euro Online U2300 Day 1"]
[Site "chess.com INT"]
[Date "2020.05.25"]
[Round "6"]
[White "Petrovic, Aleksa"]
[Black "Akca, Gani Eren"]
[Result "1-0"]
[WhiteElo "2072"]
[BlackElo "2142"]
[WhiteFideId "967629"]
[BlackFideId "6303013"]
[EventDate "2020.05.25"]

1. e4 e5 2. Nf3 Nc6 3. Bc4 Bc5 4. c3 Nf6 5. d4 exd4 6. cxd4 Bb4+ 7. Nc3 Nxe4 8.
O-O Bxc3 9. bxc3 d5 10. Ba3 dxc4 11. Re1 f5 12. Nd2 Kf7 13. Nxe4 fxe4 14. Rxe4
Bf5 15. Qf3 Qg5 16. Rf4 g6 17. h4 Qf6 18. g4 Rhg8 19. gxf5 1-0

[Event "Euro Online U2300 Day 1"]
[Site "chess.com INT"]
[Date "2020.05.25"]
[Round "6"]
[White "Shapkin, Anatoliy"]
[Black "Podetti, Davide"]
[Result "1/2-1/2"]
[WhiteElo "2283"]
[BlackElo "2173"]
[WhiteFideId "34108332"]
[BlackFideId "893617"]
[EventDate "2020.05.25"]

1. d4 Nf6 2. c4 e6 3. g3 d5 4. Nf3 dxc4 5. Bg2 Nbd7 6. O-O a6 7. a4 Be7 8. Qc2
O-O 9. Qxc4 b5 10. Qc2 Bb7 11. Nbd2 c5 12. axb5 axb5 13. Rxa8 Qxa8 14. dxc5 Bxc5
15. Nb3 Bb6 16. Qd3 b4 17. Be3 Qa2 18. Bxb6 Nxb6 19. Nc5 Bxf3 20. Bxf3 Qxb2 21.
Rb1 Qe5 22. Na6 Nbd5 23. Nxb4 Nxb4 24. Rxb4 Rb8 25. Qd4 Qc7 26. Kg2 Rxb4 27.
Qxb4 1/2-1/2

[Event "Euro Online U2300 Day 1"]
[Site "chess.com INT"]
[Date "2020.05.25"]
[Round "6"]
[White "Berzina, Ilze"]
[Black "Berdnyk, Mariia"]
[Result "1/2-1/2"]
[WhiteTitle "WGM"]
[BlackTitle "FM"]
[WhiteElo "2192"]
[BlackElo "2324"]
[WhiteFideId "11601345"]
[BlackFideId "14137054"]
[EventDate "2020.05.25"]

1. e4 c5 2. Nf3 d6 3. Bb5+ Nd7 4. O-O Nf6 5. Re1 g6 6. c3 a6 7. Bf1 Bg7 8. d4
O-O 9. e5 Ne8 10. Bg5 dxe5 11. dxe5 Nc7 12. a4 Ne6 13. Bh4 Nxe5 14. Nxe5 Qxd1
15. Rxd1 Bxe5 16. Bxe7 Re8 17. Bh4 g5 18. Bg3 Nf4 19. Nd2 Bc7 20. Re1 Bf5 21.
Nf3 h6 22. h4 Be4 23. hxg5 Bxf3 24. gxf3 hxg5 25. Rad1 Rxe1 26. Rxe1 Kf8 1/2-1/2

[Event "Euro Online U2300 Day 1"]
[Site "chess.com INT"]
[Date "2020.05.25"]
[Round "6"]
[White "Narva, Mai"]
[Black "Ivanovitch, Nicholas Michael"]
[Result "1-0"]
[WhiteTitle "WIM"]
[BlackTitle "CM"]
[WhiteElo "2333"]
[BlackElo "2201"]
[WhiteFideId "4500512"]
[BlackFideId "2263041"]
[EventDate "2020.05.25"]

1. e4 g6 2. d4 Bg7 3. Nc3 d6 4. f4 Nf6 5. Nf3 O-O 6. Bd3 Bg4 7. O-O Nbd7 8. e5
dxe5 9. dxe5 Nh5 10. h3 Bxf3 11. Qxf3 c6 12. g4 Nxf4 13. Bxf4 Nxe5 14. Qg3 Nxd3
15. Qxd3 Qb6+ 16. Kg2 Qxb2 17. Ne4 e5 18. Bg5 h6 19. Bf6 Qb5 20. Qxb5 cxb5 21.
Rad1 Bxf6 22. Nxf6+ Kg7 23. Rd7 Rac8 24. Rf2 Rb8 25. Rd5 e4 26. Nxe4 a6 27. Rd7
b6 28. Nd6 Rbd8 29. Rfxf7+ Rxf7 30. Rxd8 Rc7 31. Ne8+ 1-0

[Event "Euro Online U2300 Day 1"]
[Site "chess.com INT"]
[Date "2020.05.25"]
[Round "6"]
[White "Karaoglan, Doruk"]
[Black "Malynovskyi, Rostyslav"]
[Result "1-0"]
[WhiteTitle "CM"]
[BlackTitle "FM"]
[WhiteElo "2230"]
[BlackElo "2174"]
[WhiteFideId "6390927"]
[BlackFideId "14150883"]
[EventDate "2020.05.25"]

1. e4 c5 2. Nc3 a6 3. g3 b5 4. Bg2 Bb7 5. d3 d6 6. Nh3 g6 7. O-O Bg7 8. f4 Nf6
9. e5 Bxg2 10. Kxg2 Nfd7 11. exd6 O-O 12. dxe7 Qxe7 13. Qf3 Nb6 14. Be3 N8d7 15.
Rae1 Qd6 16. Ne4 Qc7 17. f5 Ne5 18. Qd1 c4 19. f6 Bh8 20. d4 Rad8 21. Bf4 Rfe8
22. Bxe5 Rxe5 23. dxe5 Rxd1 24. Rxd1 h6 25. e6 Qc6 26. Rd8+ Kh7 27. e7 Qxe4+ 28.
Rf3 Bxf6 29. e8=Q Qxe8 30. Rxe8 Kg7 31. Rxf6 Kxf6 32. Nf4 b4 33. Rb8 1-0

[Event "Euro Online U2300 Day 1"]
[Site "chess.com INT"]
[Date "2020.05.25"]
[Round "6"]
[White "Usanov, Maxim"]
[Black "Safin, Robert"]
[Result "0-1"]
[BlackTitle "FM"]
[WhiteElo "2093"]
[BlackElo "2287"]
[WhiteFideId "14112728"]
[BlackFideId "34189120"]
[EventDate "2020.05.25"]

1. c4 Nf6 2. Nc3 g6 3. e4 d6 4. d4 Bg7 5. Nge2 O-O 6. f3 Nc6 7. Be3 a6 8. Qd2
Na5 9. Ng3 b5 10. cxb5 axb5 11. Bxb5 Nb3 12. axb3 Rxa1+ 13. Kf2 Rxh1 14. Nxh1
Bd7 15. Bc4 Qa8 16. Ng3 Rb8 17. Nge2 c6 18. e5 Nd5 19. Bh6 Nxc3 20. bxc3 d5 21.
Bxg7 Kxg7 22. Bd3 Rxb3 23. g4 Qa3 24. h4 Rb2 25. Qe1 c5 26. Kg3 c4 27. Bf5 gxf5
28. Nf4 Be6 29. gxf5 Bxf5 30. e6 Qd6 31. exf7 Kxf7 0-1

[Event "Euro Online U2300 Day 1"]
[Site "chess.com INT"]
[Date "2020.05.25"]
[Round "6"]
[White "Trickov, Vasil"]
[Black "Tomilova, Elena"]
[Result "1/2-1/2"]
[WhiteTitle "IM"]
[BlackTitle "WGM"]
[WhiteElo "2319"]
[BlackElo "2353"]
[WhiteFideId "311103"]
[BlackFideId "4162340"]
[EventDate "2020.05.25"]

1. d4 d5 2. Nf3 Nf6 3. c4 c6 4. g3 g6 5. Bg2 Bg7 6. O-O O-O 7. Qb3 Qb6 8. Nc3
Bg4 9. h3 Bxf3 10. Bxf3 e6 11. Rd1 Nbd7 12. Bf4 Rfe8 13. Na4 Qa6 14. cxd5 exd5
15. e3 Ne4 16. Rac1 h5 17. h4 Nb6 18. Nc3 Nxc3 19. Rxc3 Qa4 20. Qxa4 Nxa4 21.
Rb3 Nb6 22. Be2 Re7 23. Bf1 Kh7 24. Rc1 Bh6 1/2-1/2